[Event "Online Olym Div2 C 2021"]
[Site "chess.com INT"]
[Date "2021.09.03"]
[Round "4.4"]
[Board "1"]
[White "Liyanage, Ranindu Dilshan"]
[Black "Rocha, Sergio"]
[Result "1/2-1/2"]
[WhiteTitle "CM"]
[BlackTitle "IM"]
[WhiteElo "2197"]
[BlackElo "2344"]
[WhiteTeam "Sri Lanka"]
[BlackTeam "Portugal"]
[WhiteFideId "9915834"]
[BlackFideId "1900404"]
[EventDate "2021.09.02"]
[EventType "team"]

1. e4 Nf6 2. e5 Nd5 3. d4 d6 4. Nf3 Bg4 5. Be2 e6 6. O-O Be7 7. c4 Nb6 8. Bf4
O-O 9. Nbd2 Nc6 10. exd6 cxd6 11. Rc1 d5 12. c5 Nd7 13. b4 a6 14. a3 Bf6 15. Nb3
Re8 16. Ne5 Bxe2 17. Qxe2 Ndxe5 18. dxe5 Bg5 19. Bxg5 Qxg5 20. f4 Qf5 21. Rcd1
h6 22. Nd4 Nxd4 23. Rxd4 Rec8 24. g4 Qg6 25. Kh1 a5 26. f5 Qg5 27. Qf2 axb4 28.
h4 Qe7 29. axb4 exf5 30. gxf5 Qxe5 31. f6 Ra2 32. Qf4 Qe6 33. Qg3 g6 34. Rg4 Kh7
35. h5 g5 36. Qd3+ Kh8 37. Qf5 Re8 38. Qxe6 Rxe6 39. Rd4 Ree2 40. Rfd1 Rh2+ 41.
Kg1 Rxh5 42. Rxd5 Rhh2 43. Rd7 Kh7 44. Rxf7+ Kg6 45. Rxb7 Kxf6 46. Rbd7 g4 47.
c6 g3 48. R7d3 Rag2+ 49. Kf1 Rf2+ 50. Kg1 Rhg2+ 51. Kh1 Rh2+ 52. Kg1 Rfg2+ 53.
Kf1 Rf2+ 54. Kg1 1/2-1/2

[Event "Online Olym Div2 C 2021"]
[Site "chess.com INT"]
[Date "2021.09.03"]
[Round "4.4"]
[Board "2"]
[White "Fidalgo, Andre Neves"]
[Black "Doluweera, Minul Sanjula"]
[Result "0-1"]
[BlackTitle "FM"]
[WhiteElo "2263"]
[BlackElo "2129"]
[WhiteTeam "Portugal"]
[BlackTeam "Sri Lanka"]
[WhiteFideId "1933620"]
[BlackFideId "9910760"]
[EventDate "2021.09.02"]
[EventType "team"]

1. d4 d5 2. c4 e6 3. Nf3 Nf6 4. g3 dxc4 5. Bg2 Bd7 6. Qc2 Bc6 7. Qxc4 Nbd7 8.
O-O Bd6 9. Bg5 h6 10. Bxf6 Nxf6 11. Nc3 O-O 12. Qd3 Qe7 13. e4 e5 14. Rfe1 Rad8
15. d5 Bd7 16. Nd2 a6 17. a4 Bc8 18. Qc4 Nh7 19. h4 g5 20. Nf3 Kg7 21. Nd1 f5
22. exf5 Rxf5 23. Ne3 Rf6 24. Nd2 Rdf8 25. Ne4 R6f7 26. hxg5 Nxg5 27. Nxg5 hxg5
28. Re2 Bc5 29. Qe4 Bd4 30. Rf1 Qc5 31. Rc2 Qb6 32. Rfc1 Rxf2 33. Rxf2 Bxe3 34.
Qxe5+ Kg8 35. Rxc7 Bxf2+ 36. Kh1 Qh6+ 0-1

[Event "Online Olym Div2 C 2021"]
[Site "chess.com INT"]
[Date "2021.09.03"]
[Round "4.4"]
[Board "3"]
[White "Premanath, Dinushki"]
[Black "Silva, Mariana Sofia T."]
[Result "1-0"]
[WhiteTitle "WFM"]
[BlackTitle "WCM"]
[WhiteElo "1793"]
[BlackElo "1933"]
[WhiteTeam "Sri Lanka"]
[BlackTeam "Portugal"]
[WhiteFideId "9903542"]
[BlackFideId "1911899"]
[EventDate "2021.09.02"]
[EventType "team"]

1. e4 c6 2. Nc3 d5 3. Nf3 Nf6 4. e5 Ne4 5. Ne2 Qb6 6. d4 e6 7. Ng3 c5 8. Bd3
Nxg3 9. fxg3 cxd4 10. O-O Be7 11. Ng5 Bxg5 12. Bxg5 Qc7 13. Qh5 Nc6 14. Rae1 b6
15. Rf2 Bb7 16. Ref1 Nxe5 17. Bf4 Nxd3 18. Bxc7 Nxf2 19. Rxf2 g6 20. Qh6 f5 21.
Qg7 Rf8 22. Bd6 1-0

[Event "Online Olym Div2 C 2021"]
[Site "chess.com INT"]
[Date "2021.09.03"]
[Round "4.4"]
[Board "4"]
[White "Ferreira, Ana Margarida"]
[Black "Tharushi, T H D Niklesha"]
[Result "0-1"]
[BlackTitle "WCM"]
[WhiteElo "1745"]
[BlackElo "1711"]
[WhiteTeam "Portugal"]
[BlackTeam "Sri Lanka"]
[WhiteFideId "1907000"]
[BlackFideId "9918264"]
[EventDate "2021.09.02"]
[EventType "team"]

1. e4 c5 2. Nc3 a6 3. a4 e6 4. Bc4 Nc6 5. Nf3 Nf6 6. O-O d5 7. e5 dxc4 8. exf6
Qxf6 9. Ne4 Qd8 10. Qe2 Nd4 11. Nxd4 Qxd4 12. d3 cxd3 13. cxd3 b6 14. Be3 Qd7
15. a5 b5 16. Nxc5 Qd5 17. Rac1 Be7 18. Qg4 O-O 19. d4 e5 20. Qe4 Qxe4 21. Nxe4
f5 22. Bg5 Bxg5 23. Nxg5 h6 24. Nf3 e4 25. Ne5 Rd8 26. Rfd1 Be6 27. Rc7 Bb3 28.
Rdc1 Rxd4 29. Nc6 Rd6 30. Ne7+ Kh8 31. Nxf5 Rg6 32. Ne7 Re6 33. Nf5 Rg6 34. Ne7
Re6 35. Nf5 Rd8 36. Rxg7 Rf6 37. g3 Rxf5 38. Rcc7 Bg8 39. Rg6 Rf7 40. Rxh6+ Kg7
41. Rxa6 Rxc7 42. Rb6 Rd1+ 43. Kg2 e3 44. fxe3 Rc2+ 0-1

[Event "Online Olym Div2 C 2021"]
[Site "chess.com INT"]
[Date "2021.09.03"]
[Round "4.4"]
[Board "5"]
[White "De Silva, L M S T"]
[Black "Silva, Pedro Gil Ferreira Da"]
[Result "1/2-1/2"]
[WhiteTitle "FM"]
[WhiteElo "2085"]
[BlackElo "2154"]
[WhiteTeam "Sri Lanka"]
[BlackTeam "Portugal"]
[WhiteFideId "9953698"]
[BlackFideId "1946102"]
[EventDate "2021.09.02"]
[EventType "team"]

1. e4 c5 2. Nf3 d6 3. Bb5+ Nd7 4. Ba4 Nf6 5. O-O a6 6. c4 g6 7. Nc3 Bg7 8. d3
O-O 9. h3 Rb8 10. Bg5 Qa5 11. Qd2 b5 12. Bb3 bxc4 13. Bxc4 Qb4 14. Rab1 Nb6 15.
Bb3 a5 16. Bc2 a4 17. a3 Qa5 18. Nxa4 Qxd2 19. Bxd2 Be6 20. Nc3 Rfc8 21. Rfc1 d5
22. Bf4 Rb7 23. Nd2 Nh5 24. Bh2 Bh6 25. Rd1 Nf4 26. Bxf4 Bxf4 27. exd5 Nxd5 28.
Nxd5 Bxd5 29. Nc4 Rcb8 30. b3 Ra8 31. a4 Rb4 32. Ra1 Bc7 33. Rdb1 e6 34. Ra2
Bxc4 35. dxc4 Rbb8 36. Be4 Ra6 37. Rd2 f5 38. Rd7 Be5 39. Bf3 Rxa4 40. Re1 Ra1
41. Rdd1 Rxd1 42. Bxd1 Bd4 43. Rxe6 Ra8 44. Re2 Ra1 45. Rd2 1/2-1/2

[Event "Online Olym Div2 C 2021"]
[Site "chess.com INT"]
[Date "2021.09.03"]
[Round "4.4"]
[Board "6"]
[White "Silva, Ana Ines Teixeira Da"]
[Black "Sanudula, K M Dahamdi"]
[Result "1-0"]
[WhiteTitle "WCM"]
[BlackTitle "WCM"]
[WhiteElo "1804"]
[BlackElo "1717"]
[WhiteTeam "Portugal"]
[BlackTeam "Sri Lanka"]
[WhiteFideId "1932543"]
[BlackFideId "9932470"]
[EventDate "2021.09.02"]
[EventType "team"]

1. e4 d5 2. exd5 Qxd5 3. Nc3 Qa5 4. d4 Nf6 5. a3 Bg4 6. f3 Bf5 7. Bc4 e6 8. Ne2
c6 9. O-O Bd6 10. Bg5 Bxc2 11. Qxc2 Qxg5 12. Ne4 Nxe4 13. fxe4 O-O 14. e5 Bc7
15. Ng3 Nd7 16. Ne4 Qe3+ 17. Kh1 Qxd4 18. Rad1 Qxe5 19. Ng3 Nf6 20. Rde1 Qd6 21.
Qe2 Qd4 22. Rf3 Bxg3 23. Rxg3 Rad8 24. Rf1 Ne4 25. Rg4 f5 26. Bxe6+ Kh8 27. Bxf5
Rde8 28. Bxe4 Rxf1+ 29. Qxf1 h5 30. Rh4 Qc5 31. Bg6 Re5 32. h3 Qe7 33. Rf4 Re1
34. Rf8+ Qxf8 35. Qxe1 Kg8 36. Qe4 Qc5 37. Qe6+ Kh8 38. Qe8+ 1-0

[Event "Online Olym Div2 C 2021"]
[Site "chess.com INT"]
[Date "2021.09.03"]
[Round "4.5"]
[Board "1"]
[White "Elsness, Frode"]
[Black "Mwadzura, Roy"]
[Result "1-0"]
[WhiteTitle "IM"]
[WhiteElo "2467"]
[BlackElo "2017"]
[WhiteTeam "Norway"]
[BlackTeam "Zimbabwe"]
[WhiteFideId "1501100"]
[BlackFideId "11004436"]
[EventDate "2021.09.02"]
[EventType "team"]

1. d4 Nf6 2. c4 e6 3. Nf3 d5 4. g3 c6 5. Bg2 Nbd7 6. O-O Bd6 7. Nc3 O-O 8. Nd2
Bc7 9. e4 dxe4 10. Ndxe4 h6 11. Be3 Nxe4 12. Bxe4 f5 13. Bg2 f4 14. gxf4 Qh4 15.
Qf3 Bxf4 16. Qh3 Qxh3 17. Bxh3 Nb6 18. b3 e5 19. Bxc8 Raxc8 20. Bxf4 exf4 21.
Rfe1 Rfe8 22. Kg2 Rcd8 23. Rxe8+ Rxe8 24. Kf3 Rf8 25. h4 Nc8 26. Re1 Nd6 27. d5
cxd5 28. Nxd5 Kh7 29. Re6 Nf5 30. Kg4 Rf7 31. Re4 g6 32. Rxf4 h5+ 33. Kg5 Kg7
34. Ne3 Nd6 35. Rxf7+ Nxf7+ 36. Kf4 Kf6 37. Nd5+ Ke6 38. Nc7+ Ke7 39. f3 a6 40.
Nd5+ Ke6 41. Ke4 Nd6+ 42. Kf4 Nf7 43. Ne3 Kd6 44. Ke4 Ke6 45. c5 Nh6 46. Kf4 Nf7
47. b4 Ke7 48. a4 Kd7 49. Ke4 Ke6 50. Nc4 Nd8 51. Na5 Kf6 52. f4 Ke6 53. b5 axb5
54. axb5 Kd7 55. Kd5 Kc7 56. b6+ Kc8 57. Kd6 Nf7+ 58. Ke6 Nh6 59. Kf6 Nf5 60.
Kxg6 Nxh4+ 61. Kxh5 Nf5 62. Kg6 Ne7+ 63. Kf7 Nd5 64. f5 Nf4 65. Ke7 Nd3 66. Nb3
Ne5 67. f6 Ng6+ 68. Ke8 Ne5 69. f7 Nd7 70. f8=Q 1-0

[Event "Online Olym Div2 C 2021"]
[Site "chess.com INT"]
[Date "2021.09.03"]
[Round "4.5"]
[Board "2"]
[White "Chigodo, Mukai  Cyril"]
[Black "Ostmoe, Geir Sune Tallaksen"]
[Result "1/2-1/2"]
[BlackTitle "IM"]
[WhiteElo "1982"]
[BlackElo "2469"]
[WhiteTeam "Zimbabwe"]
[BlackTeam "Norway"]
[WhiteFideId "11005068"]
[BlackFideId "1502778"]
[EventDate "2021.09.02"]
[EventType "team"]

1. Nf3 Nf6 2. d4 d5 3. g3 e6 4. Bg2 Be7 5. O-O b5 6. Ne5 O-O 7. c4 bxc4 8. Nxc4
dxc4 9. Bxa8 c6 10. Bf4 Bd6 11. Qc1 Ba6 12. Nc3 Qc7 13. Bxd6 Qxd6 14. Qf4 Qxf4
15. gxf4 Rc8 16. b4 cxb3 17. axb3 Nfd7 18. b4 Nb6 19. Rxa6 Nxa6 20. Bb7 Rd8 21.
Bxa6 Rxd4 22. Rd1 Rxd1+ 23. Nxd1 Nd5 24. b5 cxb5 25. Bxb5 Nxf4 26. Nc3 Kf8 27.
e3 Ng6 28. Ba6 Ke7 29. Nb5 f5 30. Nxa7 Kf6 31. Nc6 e5 32. Be2 Nf8 33. f3 Ne6 34.
Kf2 Nc5 35. Nb4 g5 36. Nd5+ Kg6 37. Kg3 h5 38. h4 f4+ 39. exf4 gxf4+ 40. Kh3 Kf5
41. Ne7+ Kf6 42. Nd5+ Kf5 43. Nc3 Ne6 44. Bd3+ Kf6 45. Nd5+ Kg7 46. Be4 Nd4 47.
Ne7 Kf6 48. Nd5+ Kg7 49. Ne7 Kf6 50. Nc6 Ne2 51. Nb4 Nd4 52. Nd5+ Kg7 1/2-1/2

[Event "Online Olym Div2 C 2021"]
[Site "chess.com INT"]
[Date "2021.09.03"]
[Round "4.5"]
[Board "3"]
[White "Machlik, Monika"]
[Black "Makwena, Christine"]
[Result "1-0"]
[WhiteElo "2096"]
[BlackElo "1614"]
[WhiteTeam "Norway"]
[BlackTeam "Zimbabwe"]
[WhiteFideId "1513621"]
[BlackFideId "11003391"]
[EventDate "2021.09.02"]
[EventType "team"]

1. d4 c5 2. d5 e6 3. c4 exd5 4. cxd5 d6 5. Nc3 a6 6. e4 b5 7. Nf3 Bg4 8. h3 Bxf3
9. Qxf3 g6 10. Bd3 Bg7 11. O-O Nd7 12. Qe2 Ngf6 13. Bg5 O-O 14. f4 Re8 15. Qf3
Qb6 16. Kh1 c4 17. Bc2 Qc7 18. Rae1 h6 19. Bh4 Nh7 20. Bg3 Rac8 21. Re2 f6 22.
Rfe1 Nhf8 23. h4 Re7 24. Rd1 Rce8 25. Ree1 Nc5 26. Bf2 Ncd7 27. Ne2 Nb8 28. Nd4
Qd7 29. h5 g5 30. Nf5 Rf7 31. Bd4 Nh7 32. g3 Qc7 33. Bf2 Nd7 34. Nd4 Nc5 35. Nf5
Nd7 36. Bd4 Nc5 37. Kh2 Nd7 38. Qf2 b4 39. Ba4 Rd8 40. Bc6 Qc8 41. Nxd6 Qc7 42.
Nxf7 Kxf7 43. Rf1 Kg8 44. Rde1 Rf8 45. Rc1 c3 46. bxc3 Qd8 47. cxb4 Rf7 48. d6
a5 49. Bd5 1-0

[Event "Online Olym Div2 C 2021"]
[Site "chess.com INT"]
[Date "2021.09.03"]
[Round "4.5"]
[Board "5"]
[White "Ranaldi, Lucas"]
[Black "Moyo Blessing"]
[Result "1-0"]
[WhiteTitle "FM"]
[WhiteElo "2325"]
[BlackElo "1804"]
[WhiteTeam "Norway"]
[BlackTeam "Zimbabwe"]
[WhiteFideId "1519484"]
[BlackFideId "11010673"]
[EventDate "2021.09.02"]
[EventType "team"]

1. Nf3 Nf6 2. c4 g6 3. Nc3 c5 4. g3 Bg7 5. Bg2 Nc6 6. O-O O-O 7. d4 d6 8. dxc5
dxc5 9. Bf4 Be6 10. Ne5 Nxe5 11. Bxe5 Qxd1 12. Rfxd1 Ng4 13. Bxg7 Kxg7 14. b3
Rab8 15. Nb5 a5 16. Nc7 Kf6 17. Nxe6 fxe6 18. Rd7 b6 19. Rad1 Ne5 20. R7d2 Nf7
21. Bh3 Rfd8 22. Rd3 Rxd3 23. Rxd3 Ng5 24. Bg2 Nf7 25. Rf3+ Kg7 26. Re3 Kf6 27.
h4 Rd8 28. Bh3 Rd6 29. Kg2 e5 30. Bc8 Rd2 31. Rf3+ Kg7 32. Be6 Nd6 33. Re3 Kf6
34. Bd5 Rxa2 35. f4 e4 36. Bxe4 Nf5 37. Bxf5 gxf5 38. Kf3 h5 39. Rd3 Rb2 40. e4
fxe4+ 41. Kxe4 e6 42. Rf3 Re2+ 43. Kd3 Ra2 44. Re3 a4 45. bxa4 Rxa4 46. Re5 Ra3+
47. Ke4 Rxg3 48. Rxh5 Rc3 49. Rh6+ Kf7 50. Ke5 Rxc4 51. Rf6+ Kg7 52. Rxe6 b5 53.
Re7+ Kf8 54. Rb7 b4 55. h5 Rc1 56. Kf6 Kg8 57. f5 Rh1 58. Rb5 Rxh5 59. Kg6 1-0

[Event "Online Olym Div2 C 2021"]
[Site "chess.com INT"]
[Date "2021.09.03"]
[Round "4.5"]
[Board "6"]
[White "Mawire, Rumbidzai"]
[Black "Lindstad, Livia"]
[Result "1-0"]
[WhiteTitle "WCM"]
[WhiteElo "1388"]
[BlackElo "1742"]
[WhiteTeam "Zimbabwe"]
[BlackTeam "Norway"]
[WhiteFideId "14317940"]
[BlackFideId "1532405"]
[EventDate "2021.09.02"]
[EventType "team"]

1. e4 c5 2. Nf3 e6 3. d4 cxd4 4. Nxd4 Nc6 5. Be3 a6 6. a3 Qc7 7. c4 Nf6 8. Nc3
g6 9. Be2 Bg7 10. O-O O-O 11. Rc1 b6 12. Qd2 Bb7 13. Rfd1 Na5 14. e5 Ne4 15.
Nxe4 Bxe4 16. b4 Nc6 17. f3 Nxd4 18. Qxd4 Bc6 19. Qd6 Bxe5 20. Qxc7 Bxc7 21. Ra1
Rfb8 22. a4 b5 23. axb5 axb5 24. Rxa8 Bxa8 25. Rxd7 Be5 26. cxb5 Bd5 27. f4 Bc3
28. Bc5 Bf6 29. b6 Bc6 30. Rc7 Bd5 31. Ba6 Re8 32. b7 Bxb7 33. Bxb7 Kg7 34. b5
Rd8 35. h3 Rd1+ 36. Kh2 g5 37. Bf3 Rb1 38. b6 Bd8 39. Rc6 gxf4 40. Bg1 e5 41.
Rd6 Be7 42. Rd7 Bh4 43. b7 Bg3+ 44. Kh1 Bf2 45. Rd1 Rb4 46. Bxf2 e4 47. Bxe4 f3
48. Rb1 fxg2+ 49. Kxg2 Rxe4 50. b8=Q Re6 51. Bd4+ Kg6 52. Qg3+ Kf5 53. Qg4# 1-0

[Event "Online Olym Div2 C 2021"]
[Site "chess.com INT"]
[Date "2021.09.03"]
[Round "5.1"]
[Board "1"]
[White "Masango, Spencer"]
[Black "Aleksandrov, Aleksej"]
[Result "0-1"]
[BlackTitle "GM"]
[WhiteElo "2101"]
[BlackElo "2525"]
[WhiteTeam "Zimbabwe"]
[BlackTeam "Belarus"]
[WhiteFideId "14300753"]
[BlackFideId "13500139"]
[EventDate "2021.09.02"]
[EventType "team"]

1. Nf3 Nf6 2. d4 d5 3. c4 e6 4. g3 dxc4 5. Bg2 Nc6 6. O-O Rb8 7. a4 a6 8. b3
cxb3 9. Qxb3 Be7 10. e3 O-O 11. Nc3 b6 12. Rd1 Bb7 13. Ba3 Na5 14. Qc2 Bxa3 15.
Rxa3 Qe7 16. Raa1 c5 17. Rab1 cxd4 18. Rxd4 Qc5 19. Qb2 Rfc8 20. Ne2 Nc4 21. Qb4
Be4 22. Qxc5 Rxc5 23. Rbd1 Kf8 24. Nd2 Nxd2 25. R1xd2 Bxg2 26. Kxg2 Ke7 27. Rb2
e5 28. Rdb4 Nd5 29. R4b3 a5 30. Rd2 Nb4 31. Ng1 f6 32. Nf3 Rbc8 33. Nh4 g6 34.
Rb1 Rc1 35. Rbb2 R8c2 36. Nf3 Rxb2 37. Rxb2 Rc2 38. Rb3 Kd6 39. Ne1 Ra2 40. Nd3
Rxa4 41. Nb2 Ra2 42. Nc4+ Kc5 43. Rc3 Rc2 0-1

[Event "Online Olym Div2 C 2021"]
[Site "chess.com INT"]
[Date "2021.09.03"]
[Round "5.1"]
[Board "2"]
[White "Nikitenko, Mihail"]
[Black "Mapuranga, Vitalis"]
[Result "1-0"]
[WhiteTitle "IM"]
[WhiteElo "2501"]
[BlackElo "2008"]
[WhiteTeam "Belarus"]
[BlackTeam "Zimbabwe"]
[WhiteFideId "13506862"]
[BlackFideId "11004380"]
[EventDate "2021.09.02"]
[EventType "team"]

1. e4 c6 2. d3 d5 3. Nd2 e5 4. Ngf3 Bd6 5. g3 Nf6 6. Bg2 O-O 7. O-O Qc7 8. a4 a5
9. Qe2 Re8 10. b3 b6 11. Bb2 Ba6 12. Nh4 Nbd7 13. Rae1 Bb4 14. c3 Bf8 15. exd5
cxd5 16. c4 e4 17. dxe4 dxe4 18. Nxe4 Nxe4 19. Bxe4 Bb7 20. Qc2 Bxe4 21. Rxe4
Nc5 22. Rg4 Re6 23. Qc3 Rg6 24. Nxg6 hxg6 25. h4 Qd7 26. Qf3 Re8 27. h5 gxh5 28.
Rh4 Qd3 29. Qxh5 1-0

[Event "Online Olym Div2 C 2021"]
[Site "chess.com INT"]
[Date "2021.09.03"]
[Round "5.1"]
[Board "3"]
[White "Charinda, Kudzanayi"]
[Black "Tarasenka, Aliaksandra"]
[Result "1/2-1/2"]
[WhiteTitle "WCM"]
[BlackTitle "WFM"]
[WhiteElo "1728"]
[BlackElo "2124"]
[WhiteTeam "Zimbabwe"]
[BlackTeam "Belarus"]
[WhiteFideId "11000538"]
[BlackFideId "13514288"]
[EventDate "2021.09.02"]
[EventType "team"]

1. e4 c5 2. Nf3 e6 3. d4 cxd4 4. Nxd4 Nf6 5. Nc3 Nc6 6. a3 d5 7. exd5 exd5 8.
Be2 Bc5 9. Nb3 Bb6 10. O-O h6 11. Bf3 Be6 12. Na4 Bc7 13. Nac5 O-O 14. g3 Bh3
15. Bg2 Bxg2 16. Kxg2 b6 17. Nd3 Re8 18. Bf4 Rc8 19. c3 Bxf4 20. Nxf4 Ne5 21.
Nd4 Nc4 22. b3 Nd6 23. Rc1 Nde4 24. Qd3 Qd6 25. a4 Nc5 26. Qf3 Nfe4 27. Rfd1 Qe5
28. Nd3 Nxd3 29. Rxd3 Nxc3 30. Nf5 Ne4 31. Rxc8 Rxc8 32. Rxd5 Qe6 33. Qd3 Nc5
34. Rd8+ Rxd8 35. Qxd8+ Kh7 36. Ne7 f5 37. Qf8 Qe4+ 38. Kg1 Qe1+ 39. Kg2 Qe4+
40. Kg1 Qe1+ 41. Kg2 Qe4+ 1/2-1/2

[Event "Online Olym Div2 C 2021"]
[Site "chess.com INT"]
[Date "2021.09.03"]
[Round "5.1"]
[Board "4"]
[White "Norman, Kseniya"]
[Black "Makwena, Christine"]
[Result "1-0"]
[WhiteElo "1842"]
[BlackElo "1614"]
[WhiteTeam "Belarus"]
[BlackTeam "Zimbabwe"]
[WhiteFideId "13518780"]
[BlackFideId "11003391"]
[EventDate "2021.09.02"]
[EventType "team"]

1. e4 e6 2. d3 d5 3. Nd2 Nf6 4. Ngf3 c5 5. g3 Nc6 6. Bg2 Be7 7. O-O O-O 8. Re1
a6 9. e5 Nd7 10. Nf1 Qc7 11. Bf4 b5 12. h4 Bb7 13. N1h2 Rfe8 14. c3 Nf8 15. Ng5
Ng6 16. Qh5 h6 17. Ng4 hxg5 18. hxg5 Nxf4 19. gxf4 Qd8 20. Re3 Bxg5 21. fxg5 Ne7
22. Nf6+ gxf6 23. gxf6 Nf5 24. Rg3+ 1-0

[Event "Online Olym Div2 C 2021"]
[Site "chess.com INT"]
[Date "2021.09.03"]
[Round "5.1"]
[Board "5"]
[White "Moyo Blessing"]
[Black "Lazavik, Denis"]
[Result "0-1"]
[BlackTitle "IM"]
[WhiteElo "1804"]
[BlackElo "2440"]
[WhiteTeam "Zimbabwe"]
[BlackTeam "Belarus"]
[WhiteFideId "11010673"]
[BlackFideId "13515110"]
[EventDate "2021.09.02"]
[EventType "team"]

1. e4 c5 2. Nf3 e6 3. d3 Nc6 4. g3 d5 5. Nbd2 Bd6 6. Bg2 Nge7 7. O-O O-O 8. Qe2
b6 9. Re1 a5 10. h4 Ba6 11. h5 dxe4 12. Nxe4 h6 13. Nxd6 Qxd6 14. Bf4 Qd8 15.
Ne5 Rc8 16. Qg4 Kh8 17. Nxc6 Nxc6 18. Rad1 Bb7 19. c3 Qd7 20. a3 Rcd8 21. Qh4
Ne7 22. Qh1 Bxg2 23. Qxg2 Nd5 24. Bc1 Nf6 25. Re5 Qa4 26. Qf3 Qg4 27. Kg2 Rd7
28. Be3 Qxf3+ 29. Kxf3 Rfd8 30. d4 c4 31. Rb5 Nd5 32. Re1 a4 33. Bf4 Kg8 34. g4
Re8 35. Be5 f6 36. Bg3 Kf7 37. Kg2 Ke7 38. f4 Kd8 39. Kf3 Ree7 40. Re2 Re8 41.
Re1 Rde7 42. f5 Kd7 43. fxe6+ Kc6 44. Rb4 Nxb4 45. axb4 Rxe6 46. Ra1 Re3+ 47.
Kg2 Re2+ 48. Kf3 b5 49. Rd1 Kd5 50. Rb1 R8e3+ 51. Kf4 Rd3 52. Bh4 Re4+ 53. Kf5
Rf3+ 54. Kg6 Rxg4+ 55. Kh7 Rxh4 56. Re1 Rxh5 57. Re4 Kxe4 0-1

[Event "Online Olym Div2 C 2021"]
[Site "chess.com INT"]
[Date "2021.09.03"]
[Round "5.1"]
[Board "6"]
[White "Zeliantsova, Kseniya"]
[Black "Muyambiri, Edith"]
[Result "1-0"]
[WhiteTitle "WFM"]
[WhiteElo "2056"]
[BlackElo "1265"]
[WhiteTeam "Belarus"]
[BlackTeam "Zimbabwe"]
[WhiteFideId "13512617"]
[BlackFideId "11005980"]
[EventDate "2021.09.02"]
[EventType "team"]

1. e4 c6 2. d4 d5 3. Nd2 dxe4 4. Nxe4 Nf6 5. Nxf6+ gxf6 6. Nf3 Bg4 7. Be3 Nd7 8.
h3 Bh5 9. Be2 Qa5+ 10. c3 e5 11. dxe5 fxe5 12. Nxe5 Nxe5 13. Bxh5 Rd8 14. Qe2
Nd3+ 15. Kf1 Bg7 16. Bb6+ Qe5 17. Bxd8 Qxe2+ 18. Bxe2 Nxb2 19. Ba5 b6 20. Bb4 c5
21. Ba3 Bxc3 22. Rc1 Na4 23. Bb5+ Kf8 24. Bxa4 Bd4 25. Ke2 a6 26. Bb3 Kg7 27.
Rhe1 1-0

[Event "Online Olym Div2 C 2021"]
[Site "chess.com INT"]
[Date "2021.09.03"]
[Round "5.2"]
[Board "1"]
[White "Rocha, Sergio"]
[Black "Elsness, Frode"]
[Result "1-0"]
[WhiteTitle "IM"]
[BlackTitle "IM"]
[WhiteElo "2344"]
[BlackElo "2467"]
[WhiteTeam "Portugal"]
[BlackTeam "Norway"]
[WhiteFideId "1900404"]
[BlackFideId "1501100"]
[EventDate "2021.09.02"]
[EventType "team"]

1. e4 c5 2. Nf3 d6 3. Bb5+ Bd7 4. Bxd7+ Qxd7 5. O-O Nc6 6. c3 d5 7. e5 e6 8. Re1
Nge7 9. d3 Nf5 10. Bf4 Be7 11. Nbd2 h6 12. g4 Nh4 13. Bg3 Nxf3+ 14. Nxf3 O-O 15.
h3 f6 16. exf6 Bxf6 17. d4 cxd4 18. cxd4 Rae8 19. Rc1 Rf7 20. Rc3 Bd8 21. Rce3
Bb6 22. Be5 Qd8 23. a3 Nxe5 24. Rxe5 Qf6 25. Kg2 Bc7 26. R5e3 Bf4 27. Rc3 h5 28.
Qd3 Bd6 29. gxh5 Qf4 30. Qg6 Qf5 31. Qg4 Qf6 32. Re2 Bf4 33. Rec2 Rff8 34. Re2
Rf7 35. h4 Qf5 36. Kh3 Bd6 37. Qxf5 Rxf5 38. Ng5 e5 39. dxe5 Rfxe5 40. Rxe5 Bxe5
41. Re3 Kf8 42. Re2 Bf6 43. Rd2 Re5 44. Kg4 Ke7 45. f4 Re1 46. Rxd5 b6 47. b3
Re3 48. Rb5 Kd6 49. a4 Kc6 50. Kf5 a6 51. Rb4 Rd3 52. h6 Rd5+ 53. Kg6 gxh6 54.
Kxf6 hxg5 55. hxg5 1-0

[Event "Online Olym Div2 C 2021"]
[Site "chess.com INT"]
[Date "2021.09.03"]
[Round "5.2"]
[Board "2"]
[White "Ostmoe, Geir Sune Tallaksen"]
[Black "Fidalgo, Andre Neves"]
[Result "1/2-1/2"]
[WhiteTitle "IM"]
[WhiteElo "2469"]
[BlackElo "2263"]
[WhiteTeam "Norway"]
[BlackTeam "Portugal"]
[WhiteFideId "1502778"]
[BlackFideId "1933620"]
[EventDate "2021.09.02"]
[EventType "team"]

1. d4 Nf6 2. c4 g6 3. g3 c6 4. Nf3 Bg7 5. Bg2 d5 6. O-O O-O 7. Nbd2 a5 8. Ne5 a4
9. h3 Qa5 10. g4 Rd8 11. Rb1 h5 12. e3 hxg4 13. hxg4 Ne4 14. Nxe4 dxe4 15. Bd2
Qc7 16. f4 exf3 17. Qxf3 Be6 18. Bc3 Nd7 19. Nxd7 Qxd7 20. b3 axb3 21. axb3 Rf8
22. g5 Ra2 23. Rb2 Rfa8 24. Qf2 Ra1 25. Rd2 Rxf1+ 26. Qxf1 Ra3 27. Qd1 Bg4 28.
Qc2 Qf5 29. Qxf5 Bxf5 30. Rb2 Ra1+ 31. Kf2 Rb1 32. Rxb1 Bxb1 33. b4 Bd3 34. b5
Bxc4 35. bxc6 bxc6 36. Bxc6 1/2-1/2

[Event "Online Olym Div2 C 2021"]
[Site "chess.com INT"]
[Date "2021.09.03"]
[Round "5.2"]
[Board "3"]
[White "Silva, Mariana Sofia T."]
[Black "Dolzhikova, Olga"]
[Result "1-0"]
[WhiteTitle "WCM"]
[BlackTitle "WGM"]
[WhiteElo "1933"]
[BlackElo "2187"]
[WhiteTeam "Portugal"]
[BlackTeam "Norway"]
[WhiteFideId "1911899"]
[BlackFideId "14105870"]
[EventDate "2021.09.02"]
[EventType "team"]

1. Nf3 e6 2. g3 Nc6 3. d4 f5 4. Bg2 Nf6 5. b3 b6 6. Bb2 Bb7 7. O-O Be7 8. c4 O-O
9. Nc3 Ne4 10. d5 Nb4 11. a3 Na6 12. b4 Bf6 13. Qc2 Nxc3 14. Bxc3 exd5 15. Bxf6
Qxf6 16. Rad1 dxc4 17. Rxd7 b5 18. Rfd1 Be4 19. Qa2 Rad8 20. Ne1 Rxd7 21. Rxd7
Qc6 22. Qd2 c3 23. Qd4 Bxg2 24. Qxg7# 1-0